000 00281nam a2200097Ia 4500
008 230331s9999 xx 000 0 und d
020 _a1-8683-0457-4
100 _aHISTORY
_9155105
245 0 _aHISTORY GENERAL STANDARD 7 NATIONAL CORE SYLLABUS: GUIDELINES STUDY AIDS
942 _cBK
_y561
_zJohn Tresidder
999 _c744501
_d744500